Κ.Ο.Κ. στη Μυτιλήνη γλυκό δεν είναι αυτό; : οπτικοποίηση δημιουργικής έκφρασης με τη χρήση τρισδιάστατων γραφικών : μεταπτυχιακή διατριβή
Αποθηκεύτηκε σε:
| Κύριος συγγραφέας: | |
|---|---|
| Συγγραφή απο Οργανισμό/Αρχή: | |
| Μορφή: | Thesis Βιβλίο |
| Γλώσσα: | Greek |
| Δημοσίευση: |
2007.
|
| Θέματα: | |
| Διαθέσιμο Online: | http://hdl.handle.net/11610/16428 |
| Ετικέτες: |
Προσθήκη ετικέτας
Δεν υπάρχουν, Καταχωρήστε ετικέτα πρώτοι!
|
MARC
| LEADER | 00000cam a2200000 i 4500 | ||
|---|---|---|---|
| 001 | 1/987 | ||
| 008 | 090821s2007 gr | ||| |||| ||gre|| | ||
| 035 | |l 10105433 | ||
| 040 | |a GR-MyUa |b gre |e AACR2 | ||
| 041 | 0 | |a gre | |
| 082 | 7 | |a 778.5347 |2 (22) | |
| 100 | 1 | |a Λεοντή, Σμαρώ. | |
| 245 | 1 | 0 | |a Κ.Ο.Κ. στη Μυτιλήνη γλυκό δεν είναι αυτό; : |b οπτικοποίηση δημιουργικής έκφρασης με τη χρήση τρισδιάστατων γραφικών : μεταπτυχιακή διατριβή / |c Σμαρώ Λεοντή ; επιβλέπων: Παπαγεωργίου Δημήτρης, συνεπιβλέποντες: Λενιώ Μυριβήλη, Βαγγέλης Χριστοδούλου. |
| 260 | |c 2007. | ||
| 300 | |a 52 σ. : |b εικ. ; |c 30 εκ. | ||
| 502 | |a Διατριβή (μεταπτυχιακή) – Πανεπιστήμιο Αιγαίου, Λέσβος, 2007. | ||
| 650 | 0 | 0 | |a Motion picture authorship. |
| 650 | 0 | 0 | |a Computer animation. |
| 650 | 0 | 0 | |a Animated films. |
| 650 | 0 | 0 | |a Animation (Cinematography) |
| 650 | 0 | 0 | |a Animated films |x Technique. |
| 650 | 0 | 0 | |a Dissertations, Academic |z Greece. |
| 651 | 0 | |a Mytilene (Lesbos, Greece) | |
| 700 | 1 | |a Παπαγεωργίου, Δημήτρης, |e dgs | |
| 710 | 2 | |a Πανεπιστήμιο Αιγαίου. |b Σχολή Κοινωνικών Επιστημών. |b Τμήμα Πολιτισμικής Τεχνολογίας και Επικοινωνίας. |b Πρόγραμμα Μεταπτυχιακών Σπουδών Πολιτισμική Πληροφορική και Επικοινωνία. | |
| 852 | |a INST |b LESVOS |c DIATR |e 20090821 |h 107 |p 005100046737 |q 005100046737 |t MTXE |y 23 | ||
| 852 | |a INST |b LESVOS |c DIATR |e 20090821 |h 108 |p 005100046738 |q 005100046738 |t MTXE |y 23 | ||
| 856 | |u http://hdl.handle.net/11610/16428 | ||
| 901 | |a BIBL1-2009-2 | ||
| 924 | |a Λεοντή |b Σμαρώ |y Λέσβος |z 2007-11 | ||
| 970 | |a ΤΖΑΦΕΡΗ |b ΕΥΑΓΓΕΛΙΑ |z 2009/08/21 | ||